ბათუმის შოთა რუსთაველის სახელმწიფო უნივერსიტეტის ბიბლიოთეკა

The ecology of thinking - basic means for the salvation of the mankind / (ბიბ.ჩანაწერი № 57028)

000 -LEADER
fixed length control field 00903nam a22002177a 4500
005 - DATE AND TIME OF LATEST TRANSACTION
control field 20191018160047.0
008 - FIXED-LENGTH DATA ELEMENTS--GENERAL INFORMATION
fixed length control field 191018s2018 en ||||| |||| 00| 0 eng d
020 ## - INTERNATIONAL STANDARD BOOK NUMBER
International Standard Book Number 9789941276620
041 ## - LANGUAGE CODE
Language code of text/sound track or separate title eng
080 ## - UNIVERSAL DECIMAL CLASSIFICATION NUMBER
Universal Decimal Classification number 159.955 B-74
100 ## - MAIN ENTRY--PERSONAL NAME
Personal name Bolkvadze, Niaz,
9 (RLIN) 4846
245 ## - TITLE STATEMENT
Title The ecology of thinking - basic means for the salvation of the mankind /
Statement of responsibility, etc. Niaz Bolkvadze ; editor : Nugzar Chkhaidze.
264 ## - PRODUCTION, PUBLICATION, DISTRIBUTION, MANUFACTURE, AND COPYRIGHT NOTICE
Place of production, publication, distribution, manufacture Tbilisi,
Date of production, publication, distribution, manufacture, or copyright notice 2018.
300 ## - PHYSICAL DESCRIPTION
Extent 92 p. :
Other physical details phot. ;
Dimensions 20 cm.
520 ## - SUMMARY, ETC.
Summary, etc. ტექსტი ინგლისურ და რუსულ ენებზე.
521 ## - TARGET AUDIENCE NOTE
Target audience note ბიბლიოგრაფია ტექსტის შენიშვნებში.
653 ## - INDEX TERM--UNCONTROLLED
keyword აზროვნების ეკოლოგია
653 ## - INDEX TERM--UNCONTROLLED
keyword ფსიქოლოგია
700 ## - ADDED ENTRY--PERSONAL NAME
Personal name Chkhaidze , Nugzar
Relator term რედაქტორი
9 (RLIN) 4847
942 ## - ADDED ENTRY ELEMENTS (KOHA)
Source of classification or shelving scheme
Koha item type წიგნი
ეგზემპლარები
Withdrawn status Lost status Source of classification or shelving scheme Damaged status Not for loan Permanent Location Current Location Shelving location Date acquired Cost, normal purchase price Full call number Barcode Date last seen Copy number Price effective from Koha item type Public note
          ბათუმის შოთა რუსთაველის სახელმწიფო უნივერსიტეტის მთავარი ბიბლიოთეკა ბათუმის შოთა რუსთაველის სახელმწიფო უნივერსიტეტის მთავარი ბიბლიოთეკა წიგნსაცავი 2019-10-18 5.00 159.955 B-74 60143 2019-10-18 60143 2019-10-18 წიგნი 5.00